00269nam a2200109Ia 4500008004100000050001500041100001800056245003100074260001700105300002400122650001300146150202s9999 xx 000 0 und d aFIC bFIC  aPyle, Howard. aRobin Hood /cHoward Pyle. aUSA :c1965. a352 pages :c18 cm. aFiction.